[Event "Paleochora op 6th"]
[Site "Paleochora"]
[Date "2013.07.24"]
[Round "7"]
[White "Serntedakis, Athanasios"]
[Black "Naoum, Spyridon"]
[Result "1/2-1/2"]
[WhiteElo "1972"]
[BlackElo "2207"]
[PlyCount "20"]
[EventDate "2013.07.19"]
[EventType "swiss"]
[EventRounds "9"]
[EventCountry "GRE"]
[SourceTitle "CBM 155 Extra"]
[Source "ChessBase"]
[SourceDate "2013.08.26"]
[SourceVersion "1"]
[SourceVersionDate "2013.08.26"]
[SourceQuality "1"]

1. e4 c5 2. Nc3 Nc6 3. Bb5 Nd4 4. Bc4 e6 5. Nge2 g6 6. Nxd4 cxd4 7. Ne2 Bg7 8. d3 Ne7 9. 0-0 0-0 10. Bb3 d5 1/2-1/2

[Event "GRE-ch U20"]
[Site "Chania"]
[Date "2013.01.08"]
[Round "7"]
[White "Kazakos, Emmanouil"]
[Black "Serntedakis, Athanasios"]
[Result "1-0"]
[WhiteElo "2121"]
[BlackElo "1968"]
[PlyCount "73"]
[EventDate "2013.01.02"]
[EventType "tourn"]
[EventRounds "6"]
[EventCountry "GRE"]
[SourceTitle "EXT 2024"]
[Source "ChessBase"]
[SourceDate "2023.10.10"]
[SourceVersion "1"]
[SourceVersionDate "2023.10.10"]
[SourceQuality "1"]

1. d4 d5 2. e3 Nf6 3. Bd3 c5 4. c3 cxd4 5. exd4 Bg4 6. Nf3 Nc6 7. Bf4 e6 8. Nbd2 Bd6 9. Bg3 0-0 10. Qb1 h6 11. 0-0 Bxg3 12. hxg3 a6 13. Re1 Bxf3 14. gxf3 b5 15. b4 Qc7 16. f4 Nd7 17. Nb3 Nb6 18. Nc5 Rfe8 19. Kg2 Re7 20. a4 Nxa4 21. Nxa4 bxa4 22. Rxa4 Nb8 23. b5 a5 24. Qb2 Qb6 25. Qa3 Rc7 26. f5 Nd7 27. fxe6 fxe6 28. Ra1 Rac8 29. Rc1 e5 30. Qb3 Qd6 31. Bf5 Ra8 32. Rca1 exd4 33. cxd4 Nb6 34. Rxa5 Rxa5 35. Rxa5 Rc4 36. Qe3 Qf6 37. Qe8+ 1-0

[Event "GRE-ch U20"]
[Site "Chania"]
[Date "2013.01.05"]
[Round "4"]
[White "Serntedakis, Athanasios"]
[Black "Georgantas, Antonios"]
[Result "1-0"]
[WhiteElo "1968"]
[BlackElo "1814"]
[PlyCount "71"]
[EventDate "2013.01.02"]
[EventType "tourn"]
[EventRounds "6"]
[EventCountry "GRE"]
[SourceTitle "EXT 2024"]
[Source "ChessBase"]
[SourceDate "2023.10.10"]
[SourceVersion "1"]
[SourceVersionDate "2023.10.10"]
[SourceQuality "1"]

1. e4 c5 2. Nc3 Nc6 3. Bb5 g6 4. Bxc6 bxc6 5. d3 Bg7 6. f4 d5 7. Qe2 Rb8 8. Nf3 Nf6 9. e5 Nd7 10. e6 fxe6 11. Ng5 Nf8 12. 0-0 h6 13. Nf3 Bd4+ 14. Kh1 Ba6 15. Ne5 Qc8 16. Na4 Bb5 17. c3 Bxa4 18. cxd4 cxd4 19. b3 Bb5 20. Bb2 Rg8 21. Bxd4 Qb7 22. Rac1 Rc8 23. Rc3 Nd7 24. Rfc1 Nxe5 25. Qxe5 Qd7 26. a4 Ba6 27. b4 Kf7 28. b5 cxb5 29. Rc7 Rxc7 30. Rxc7 Qd8 31. Rxa7 Bc8 32. axb5 Bd7 33. b6 g5 34. b7 Qb8 35. Qxb8 Rxb8 36. Be5 1-0

[Event "Crete Poa op"]
[Site "Crete"]
[Date "2012.04.29"]
[Round "7"]
[White "Klokas, Konstantinos"]
[Black "Serntedakis, Athanasios"]
[Result "1-0"]
[WhiteElo "2177"]
[BlackElo "1969"]
[PlyCount "87"]
[EventDate "2012.04.26"]
[EventType "swiss"]
[EventRounds "7"]
[EventCountry "GRE"]
[SourceTitle "EXT 2024"]
[Source "ChessBase"]
[SourceDate "2023.10.10"]
[SourceVersion "1"]
[SourceVersionDate "2023.10.10"]
[SourceQuality "1"]

1. e4 c6 2. d4 d5 3. e5 Bf5 4. Nf3 e6 5. Be3 Ne7 6. Nbd2 Nd7 7. Nb3 Qc7 8. c3 h6 9. Be2 g5 10. h3 Bg7 11. Qd2 a6 12. g4 Be4 13. h4 gxh4 14. Rxh4 Ng6 15. Rh3 0-0-0 16. Ng1 Ne7 17. f3 Bg6 18. Bxh6 Bxh6 19. Rxh6 c5 20. Kf2 a5 21. Re1 a4 22. Na1 Qb6 23. Rxh8 Rxh8 24. Kg2 Nc6 25. Rd1 Qd8 26. Nh3 Qh4 27. Rh1 Qd8 28. Bb5 Qb6 29. Bxa4 f6 30. Nf4 Rxh1 31. Kxh1 Bf7 32. exf6 Nxf6 33. g5 Nd7 34. Bxc6 bxc6 35. g6 Bg8 36. Qh2 Kb7 37. Nb3 cxd4 38. cxd4 e5 39. Qh8 exf4 40. Qxg8 Qb5 41. Nd2 Qe2 42. Qf7 Qxd2 43. Qxd7+ Kb6 44. Qg4 1-0